000 00625nam a2200205Ia 4500
003 GCL
008 140319s9999 xx 000 0 ara d
040 _aGCL /
_cGCL
082 0 4 _a816
_bع ن
100 1 _aعبدالسلام محمد هارون
245 1 0 _aنوادرالمخطوطات /
_cعبدالسلام محمد هارون
260 _aبيروت :
_bدار الجيل ،
_c1991
300 _a2 مج ؛
_c24 سم
490 _a
650 0 4 _aالادب العربى
650 0 4 _aالرسائل العربية
650 0 4 _aالشعراء
650 0 4 _aالمخطوطات العربية
942 _2ddc
_cBK
999 _c31018
_d31018